Juan Downey 1940-1993.

Guardat en:
Dades bibliogràfiques
Autor principal: Downey, Juan (Autor)
Format: Desconegut
Publicat: Ciudad de México, México: Ediciones MP, 2019.
Barcelona, España: RM Verlag S.L.,
Matèries:
Etiquetes: Afegir etiqueta
Sense etiquetes, Sigues el primer a etiquetar aquest registre!

MARC

LEADER 00000 a2200000 4500
003 CL-VaPUC
005 20220725091857.0
008 220629 ||||| |||| 00| 0 eng d
999 |c 436212  |d 436210 
020 |a 9788417047818 
040 |c Pontificia Universidad Católica de Valparaíso 
082 7 |a 709 DOW 2019  |2 22 
100 |a Downey, Juan  |e author  |9 871921 
245 1 |a Juan Downey 1940-1993. 
260 |a Ciudad de México, México:  |b Ediciones MP,  
260 |a Barcelona, España:  |b RM Verlag S.L.,   |c 2019. 
300 |a 564 páginas,  |b ilustraciones  
583 |k Cristina María Rojas Aguilar  |c 20220629 
600 |a Downey, Juan   |d 1940-1993  |9 871922 
650 |a Videoarte   |z Chile   |x Historia   |y Siglo 20  |9 871923 
942 |2 ddc  |c BK 
952 |0 0  |1 0  |2 ddc  |4 0  |6 709_000000000000000_DOW_2019  |7 0  |8 R  |9 584155  |a BIBART  |b BIBART  |d 2022-06-29  |e 1  |g 65580.00  |i 5652301  |l 3  |o 709 DOW 2019  |p 5652301  |r 2025-03-13  |s 2022-12-14  |v 65580.00  |w 2022-06-29  |y BK_R  |k ART